000 00724nam a2200277Ia 4500
005 20260121125445.0
008 008 260114s9999 xx 000 0 eng d
020 _a9781503600683
037 _aEBOOK
040 _aCRL
040 _beng
040 _cCRL
041 _2eng
041 _aeng
084 _qCRL
100 _aSchlesinger, Jonathan
_9993285
245 2 _aA World Trimmed with Fur: Wild Things, Pristine Places, and the Natural Fringes of Qing Rule
260 _bWalter de Gruyter
260 _bWalter de Gruyter
260 _c2017
650 _aHistory
_9993286
856 _uhttp://www.degruyter.com/isbn/9781503600683
942 _cEBOOK
999 _c1562171
_d1562171